[Event "9th Sharjah Cup Women 2018"]
[Site "Sharjah"]
[Date "2018.12.15"]
[Round "2"]
[White "Al-Hammadi, Maryam Hussein"]
[Black "Abdulla, Khayala"]
[Result "0-1"]
[WhiteElo "1354"]
[BlackElo "2190"]
[Annotator "NA"]
[PlyCount "60"]
[EventDate "2018.12.14"]
[EventType "swiss"]
[EventCountry "UAE"]
[SourceTitle "playchess.com"]
[Source "ChessBase"]
[SourceQuality "1"]
[TimeControl "5400+30"]

1. e4 {[%emt 0:00:00]} c5 {[%emt 0:00:00]} 2. Nf3 {[%emt 0:00:00]} e6 {[%emt 0:00:50]} 3. d3 {[%emt 0:00:25]} Nc6 {[%emt 0:00:14]} 4. Nbd2 {[%emt 0:00:21]} d6 {[%emt 0:00:42]} 5. g3 {[%emt 0:00:42]} g6 {[%emt 0:00:21]} 6. Bg2 {[%emt 0:00:33]} Bg7 {[%emt 0:00:06]} 7. O-O {[%emt 0:00:21]} Nge7 {[%emt 0:00:04]} 8. c3 {[%emt 0:00:32]} O-O {[%emt 0:00:12]} 9. Nh4 {[%emt 0:02:21] LiveBook: 5 Games} b5 {[%emt 0:04:24] A04: Unusual lines after 1 Nf3 and King's Indian Attack} (9... b6 10. f4 f5 11. exf5 exf5 12. Re1 d5 13. Ndf3 Qd6 14. d4 Bb7 15. Be3 Rad8 16. Bf2 Kh8 17. dxc5 bxc5 {½-½ (25) Strikovic,A (2504)-Farago,I (2447) Helensburgh 2013}) 10. f4 {[%emt 0:02:12]} b4 {[%emt 0:06:02]} 11. Qc2 {[%emt 0:09:08]} bxc3 {[%emt 0:03:32]} 12. bxc3 {[%emt 0:00:12]} Nb4 {[%emt 0:02:10]} 13. Qb3 {[%emt 0:08:35]} Nxd3 {[%emt 0:02:28]} 14. Rb1 $146 {[%emt 0:04:34]} ({Predecessor:} 14. f5 Be5 15. Ndf3 Nxc1 16. Raxc1 Nc6 17. Nxe5 Nxe5 {1-0 (39) Stojkov,S-Arbuzov,I (1799) Rybinsk 2009}) 14... Ba6 {[%emt 0:04:09]} 15. Qa4 {[%emt 0:09:43] [#]} Qc8 $1 {[%emt 0:01:17]} ({Worse is} 15... Bxc3 16. Qxa6 Bd4+ 17. Kh1 $16) 16. Qc2 {[%emt 0:06:30]} Nxc1 {[%emt 0:01:40]} 17. Rfxc1 {[%emt 0:00:23]} d5 {[%emt 0:01:46]} 18. Kh1 {[%emt 0:10:31]} Qc7 {[%emt 0:02:13]} 19. exd5 {[%emt 0:01:32]} (19. c4 $17 {was called for.}) 19... Nxd5 {[%emt 0:02:35]} 20. Qa4 {[%emt 0:16:00]} Bd3 $19 {[%emt 0:00:43]} ({And not} 20... Nxc3 21. Qxa6 Nxb1 22. Rxb1 $11) 21. Rb3 {[%emt 0:01:56]} Rad8 {[%emt 0:00:58]} 22. Bxd5 {[%emt 0:03:04]} exd5 {[%emt 0:01:04]} 23. Nf1 {[%emt 0:01:36]} Rfe8 {[%emt 0:00:50]} 24. Rb2 {[%emt 0:00:53]} d4 {[%emt 0:01:20]} 25. cxd4 {[%emt 0:02:09]} Bxd4 {[%emt 0:00:25]} 26. Rd2 {[%emt 0:00:43]} Qb7+ {[%emt 0:01:08]} 27. Ng2 {[%emt 0:00:18]} Be4 {[%emt 0:00:14]} 28. h3 {[%emt 0:01:19]} Bxg2+ {[%emt 0:00:18]} 29. Rxg2 {[%emt 0:00:11]} Re2 {[%emt 0:00:07]} 30. Rc2 {[%emt 0:00:29]} Qxg2# {[%emt 0:00:06]} 0-1

[Event "9th Sharjah Cup Women 2018"]
[Site "Sharjah"]
[Date "2018.12.15"]
[Round "2"]
[White "Khalil, Reem"]
[Black "Mona, Khaled"]
[Result "0-1"]
[WhiteElo "1297"]
[BlackElo "2158"]
[Annotator "NA"]
[PlyCount "62"]
[EventDate "2018.12.14"]
[EventType "swiss"]
[EventCountry "UAE"]
[SourceTitle "playchess.com"]
[Source "ChessBase"]
[SourceQuality "1"]
[TimeControl "5400+30"]

1. e4 {[%emt 0:01:48]} e5 {[%emt 0:00:00]} 2. Nf3 {[%emt 0:00:05]} Nc6 {[%emt 0:00:00]} 3. Bc4 {[%emt 0:00:05]} Bc5 {[%emt 0:00:00]} 4. d3 {[%emt 0:00:08]} Nf6 {[%emt 0:00:00]} 5. Nbd2 {[%emt 0:00:24]} d6 {[%emt 0:00:06]} 6. c3 {[%emt 0:00:11]} Be6 {[%emt 0:00:54]} 7. Bb5 {[%emt 0:00:41]} O-O {[%emt 0:00:42]} 8. Ba4 {[%emt 0:00:17]} Ne7 {[%emt 0:00:27]} 9. O-O {[%emt 0:02:29]} Ng6 {[%emt 0:00:08]} 10. d4 {[%emt 0:09:07]} Bb6 {[%emt 0:00:38]} 11. Re1 {[%emt 0:03:02]} Qc8 {[%emt 0:05:13]} 12. Nf1 {[%emt 0:09:26]} Bg4 {[%emt 0:00:55]} 13. Ne3 {[%emt 0:31:51]} Bxf3 {[%emt 0:16:02]} ({Wrong is} 13... Nxe4 $2 14. Nxg4 Qxg4 15. h3 $18) 14. Qxf3 {[%emt 0:00:49]} exd4 {[%emt 0:00:12]} 15. Nf5 {[%emt 0:00:20]} dxc3 {[%emt 0:03:43]} 16. Nh6+ {[%emt 0:10:56]} ({White should try} 16. Re2 $15) 16... Kh8 $19 {[%emt 0:01:24]} 17. Bg5 {[%emt 0:09:49]} Qe6 {[%emt 0:04:55]} 18. Bb3 {[%emt 0:01:08]} Qe5 {[%emt 0:00:13]} 19. Bxf6 {[%emt 0:06:09]} Qxf6 {[%emt 0:00:11]} 20. Nxf7+ {[%emt 0:02:13]} Rxf7 {[%emt 0:00:11]} 21. Bxf7 {[%emt 0:00:08]} Qxf3 {[%emt 0:00:06]} 22. gxf3 {[%emt 0:00:10]} Ne5 {[%emt 0:00:04]} 23. Bh5 {[%emt 0:01:16]} g6 {[%emt 0:00:10]} 24. f4 {[%emt 0:00:26]} Nd3 {[%emt 0:00:14]} 25. Red1 {[%emt 0:01:39]} cxb2 {[%emt 0:00:25]} 26. Rab1 {[%emt 0:00:20]} Nxf2 {[%emt 0:00:06]} 27. Rd5 {[%emt 0:01:34]} Nxe4+ {[%emt 0:00:10]} 28. Kg2 {[%emt 0:01:18]} Nc3 {[%emt 0:00:07]} 29. Rd2 {[%emt 0:02:53]} Nxb1 {[%emt 0:00:16]} 30. Rxb2 {[%emt 0:00:04]} gxh5 {[%emt 0:00:08]} 31. Rxb1 {[%emt 0:00:13]} Re8 {[%emt 0:00:08]} 0-1

[Event "9th Sharjah Cup Women 2018"]
[Site "Sharjah"]
[Date "2018.12.15"]
[Round "3"]
[White "Szczepkowska, Karina"]
[Black "Stetsko, Lanita"]
[Result "1-0"]
[WhiteElo "2408"]
[BlackElo "2194"]
[Annotator "NA"]
[PlyCount "94"]
[EventDate "2018.12.14"]
[EventType "swiss"]
[EventCountry "UAE"]
[SourceTitle "playchess.com"]
[Source "ChessBase"]
[SourceQuality "1"]
[TimeControl "5400+30"]

1. d4 {[%emt 0:00:00]} Nf6 {[%emt 0:00:00]} 2. c4 {[%emt 0:00:05]} e6 {[%emt 0:00:00]} 3. Nf3 {[%emt 0:00:05]} d5 {[%emt 0:00:00]} 4. Bg5 {[%emt 0:01:12]} Bb4+ {[%emt 0:00:35]} 5. Nc3 {[%emt 0:00:19]} dxc4 {[%emt 0:01:14]} 6. e4 {[%emt 0:01:49]} c5 {[%emt 0:00:36]} 7. Bxc4 {[%emt 0:02:37]} cxd4 {[%emt 0:00:22]} 8. Nxd4 {[%emt 0:01:09]} Qa5 {[%emt 0:00:51]} 9. Bb5+ {[%emt 0:02:00]} Bd7 {[%emt 0:06:31]} 10. Bxf6 {[%emt 0:03:47]} gxf6 {[%emt 0:10:40]} 11. Bxd7+ {[%emt 0:01:22]} Nxd7 {[%emt 0:00:14]} 12. O-O {[%emt 0:00:37]} Rd8 {[%emt 0:41:11]} 13. Nce2 {[%emt 0:10:11]} Qe5 {[%emt 0:10:01]} 14. Qc2 {[%emt 0:06:47]} O-O {[%emt 0:04:07]} 15. Rad1 {[%emt 0:01:42]} Kh8 {[%emt 0:02:48]} 16. Nf3 {[%emt 0:08:19]} Qc5 {[%emt 0:01:42]} 17. Qb3 {[%emt 0:00:53]} Qb6 {[%emt 0:03:59]} 18. a3 {[%emt 0:02:47]} Be7 {[%emt 0:00:38]} 19. Qc2 {[%emt 0:00:45]} Ne5 {[%emt 0:01:12]} 20. Ned4 {[%emt 0:07:08]} Bc5 {[%emt 0:01:37]} 21. Nxe5 {[%emt 0:01:01]} Bxd4 {[%emt 0:03:02]} 22. Nf3 {[%emt 0:01:24]} Bc5 {[%emt 0:04:15]} 23. g3 {[%emt 0:02:16]} Be7 {[%emt 0:00:42]} 24. Kg2 {[%emt 0:01:10]} Rc8 {[%emt 0:01:36]} 25. Qe2 {[%emt 0:00:47]} Rfd8 {[%emt 0:00:20]} 26. Rxd8+ {[%emt 0:01:11]} Rxd8 {[%emt 0:00:05]} 27. Rc1 {[%emt 0:00:12]} Kg7 {[%emt 0:04:27]} 28. Qc2 {[%emt 0:01:49]} Bd6 {[%emt 0:00:18]} 29. Qe2 {[%emt 0:01:06]} Be7 {[%emt 0:00:20]} 30. Rc3 {[%emt 0:00:47]} Qa5 {[%emt 0:00:43]} 31. Qc2 {[%emt 0:01:56]} Bd6 {[%emt 0:00:16]} 32. Rc4 {[%emt 0:05:10]} a6 {[%emt 0:01:04]} 33. e5 {[%emt 0:02:53]} Bxe5 {[%emt 0:00:06]} 34. Rc5 {[%emt 0:06:28]} Qb6 {[%emt 0:00:39]} 35. Nxe5 {[%emt 0:00:10]} fxe5 {[%emt 0:00:05]} 36. Rxe5 {[%emt 0:00:04]} f6 {[%emt 0:01:08]} 37. Re4 {[%emt 0:00:59]} Rd5 {[%emt 0:00:35]} 38. Qc8 {[%emt 0:04:41]} Qc6 {[%emt 0:00:30]} 39. Qxc6 {[%emt 0:01:36]} bxc6 {[%emt 0:00:02]} 40. Rxe6 {[%emt 0:00:08]} Rc5 {[%emt 0:00:58]} 41. Kf3 {[%emt 0:03:23]} a5 {[%emt 0:00:03]} 42. Re7+ {[%emt 0:01:30]} Kg6 {[%emt 0:00:07]} 43. Re2 {[%emt 0:01:39]} h5 {[%emt 0:00:12]} 44. h3 {[%emt 0:00:47]} Rb5 {[%emt 0:01:04]} 45. Rc2 {[%emt 0:00:43]} Rb3+ {[%emt 0:00:35]} 46. Kf4 {[%emt 0:02:21]} a4 {[%emt 0:00:38]} 47. h4 {[%emt 0:00:51]} Rb5 {[%emt 0:00:31]} 1-0

[Event "9th Sharjah Cup Women 2018"]
[Site "Sharjah"]
[Date "2018.12.15"]
[Round "3"]
[White "Bulmaga, Irina"]
[Black "Soyunlu, Narmin"]
[Result "1-0"]
[WhiteElo "2391"]
[BlackElo "2078"]
[Annotator "NA"]
[PlyCount "89"]
[EventDate "2018.12.14"]
[EventType "swiss"]
[EventCountry "UAE"]
[SourceTitle "playchess.com"]
[Source "ChessBase"]
[SourceQuality "1"]
[TimeControl "5400+30"]

1. d4 {[%emt 0:00:00]} Nf6 {[%emt 0:00:00]} 2. Nf3 {[%emt 0:00:00]} e6 {[%emt 0:00:38]} 3. e3 {[%emt 0:00:00]} b6 {[%emt 0:01:19]} 4. Bd3 {[%emt 0:00:00]} Bb7 {[%emt 0:00:09]} 5. O-O {[%emt 0:00:26]} c5 {[%emt 0:00:30]} 6. c4 {[%emt 0:00:08]} Be7 {[%emt 0:01:04]} 7. Nc3 {[%emt 0:00:08]} O-O {[%emt 0:12:16]} 8. d5 {[%emt 0:00:37]} exd5 {[%emt 0:02:25]} 9. cxd5 {[%emt 0:03:48]} d6 {[%emt 0:03:14]} 10. e4 {[%emt 0:00:16]} Na6 {[%emt 0:02:07]} 11. Re1 {[%emt 0:01:48]} Nc7 {[%emt 0:01:37]} 12. Nd2 {[%emt 0:01:42]} a6 {[%emt 0:02:47]} 13. a4 {[%emt 0:00:04]} Rb8 {[%emt 0:00:02]} 14. f4 {[%emt 0:02:02]} Re8 {[%emt 0:06:46]} 15. b3 {[%emt 0:04:38]} Ba8 {[%emt 0:04:03]} 16. Bb2 {[%emt 0:01:06]} Bf8 {[%emt 0:02:25]} 17. Qf3 {[%emt 0:04:05]} b5 {[%emt 0:04:19]} 18. axb5 {[%emt 0:04:48]} axb5 {[%emt 0:05:03]} 19. Rad1 {[%emt 0:00:56]} Rb6 {[%emt 0:07:05]} 20. Bc2 {[%emt 0:04:55]} Qb8 {[%emt 0:03:35]} 21. Nf1 {[%emt 0:02:04]} Ra6 {[%emt 0:07:37]} 22. e5 {[%emt 0:02:44]} dxe5 {[%emt 0:03:20]} 23. fxe5 {[%emt 0:00:11]} Nfxd5 {[%emt 0:01:56]} 24. Nxd5 {[%emt 0:01:17]} Nxd5 {[%emt 0:00:03]} 25. Rxd5 {[%emt 0:01:55]} Ra2 {[%emt 0:01:37]} 26. Rb1 {[%emt 0:01:37]} Bxd5 {[%emt 0:04:26]} 27. Qxd5 {[%emt 0:00:06]} g6 {[%emt 0:01:35]} 28. Ne3 {[%emt 0:02:24]} c4 {[%emt 0:12:13]} 29. bxc4 {[%emt 0:05:10]} Rd8 {[%emt 0:00:53]} 30. Qe4 {[%emt 0:07:15]} Bc5 {[%emt 0:01:42]} 31. Kf1 {[%emt 0:06:16]} Rd2 {[%emt 0:02:55]} 32. Bc3 {[%emt 0:09:48]} Bxe3 {[%emt 0:00:18]} 33. Bxd2 {[%emt 0:00:45]} Bxd2 {[%emt 0:00:09]} 34. cxb5 {[%emt 0:07:59]} Bc3 {[%emt 0:05:13]} 35. e6 {[%emt 0:06:04]} f5 {[%emt 0:00:00]} 36. Qd3 {[%emt 0:00:59]} Qf4+ {[%emt 0:00:16]} 37. Kg1 {[%emt 0:00:47]} Bd4+ {[%emt 0:00:21]} 38. Kh1 {[%emt 0:00:02]} Be5 {[%emt 0:02:15]} 39. g3 {[%emt 0:00:40]} Qd4 {[%emt 0:00:44]} 40. Qxd4 {[%emt 0:00:27]} Bxd4 {[%emt 0:00:01]} 41. e7 {[%emt 0:05:43]} Ra8 {[%emt 0:00:01]} 42. Bb3+ {[%emt 0:00:25]} Kg7 {[%emt 0:00:09]} 43. b6 {[%emt 0:01:19]} Bc5 {[%emt 0:01:49]} 44. Re1 {[%emt 0:00:18]} Re8 {[%emt 0:00:28]} 45. b7 {[%emt 0:00:03]} 1-0

[Event "9th Sharjah Cup Women 2018"]
[Site "Sharjah"]
[Date "2018.12.15"]
[Round "3"]
[White "Gevorgyan, Irina"]
[Black "Babayan, Armine"]
[Result "1/2-1/2"]
[WhiteElo "2301"]
[BlackElo "2189"]
[Annotator "NA"]
[PlyCount "67"]
[EventDate "2018.12.14"]
[EventType "swiss"]
[EventCountry "UAE"]
[SourceTitle "playchess.com"]
[Source "ChessBase"]
[SourceQuality "1"]
[TimeControl "5400+30"]

1. Nf3 {[%emt 0:00:00]} Nf6 {[%emt 0:00:00]} 2. c4 {[%emt 0:00:00]} e6 {[%emt 0:00:16]} 3. Nc3 {[%emt 0:00:00]} d5 {[%emt 0:00:21]} 4. e3 {[%emt 0:01:11]} c6 {[%emt 0:00:51]} 5. b3 {[%emt 0:17:35]} Nbd7 {[%emt 0:03:17]} 6. Qc2 {[%emt 0:01:45]} Bd6 {[%emt 0:16:15]} 7. Bb2 {[%emt 0:02:05]} Rb8 {[%emt 0:12:58]} 8. d4 {[%emt 0:01:11]} Bb4 {[%emt 0:02:17]} 9. Bd3 {[%emt 0:01:29]} c5 {[%emt 0:23:06]} 10. O-O {[%emt 0:03:09]} cxd4 {[%emt 0:00:41]} 11. exd4 {[%emt 0:00:28]} O-O {[%emt 0:01:39]} 12. c5 {[%emt 0:04:45]} Re8 {[%emt 0:04:27]} 13. a3 {[%emt 0:06:32]} Bxc3 {[%emt 0:07:04]} 14. Bxc3 {[%emt 0:00:37]} Nf8 {[%emt 0:01:17]} 15. Ne5 {[%emt 0:02:25]} N6d7 {[%emt 0:01:08]} 16. f4 {[%emt 0:13:42]} f6 {[%emt 0:02:17]} 17. Nf3 {[%emt 0:06:40]} f5 {[%emt 0:01:38]} 18. Ne5 {[%emt 0:01:38]} Nf6 {[%emt 0:03:36]} 19. Bb2 {[%emt 0:05:37]} Qc7 {[%emt 0:01:26]} 20. b4 {[%emt 0:01:32]} N8d7 {[%emt 0:01:19]} 21. Rac1 {[%emt 0:02:03]} Ne4 {[%emt 0:02:32]} 22. b5 {[%emt 0:02:27]} Nxe5 {[%emt 0:01:57]} 23. dxe5 {[%emt 0:00:24]} Bd7 {[%emt 0:00:38]} 24. Bd4 {[%emt 0:04:21]} Rec8 {[%emt 0:01:52]} 25. Qb2 {[%emt 0:00:28]} Qa5 {[%emt 0:01:44]} 26. Rfd1 {[%emt 0:05:48]} a6 {[%emt 0:01:27]} 27. a4 {[%emt 0:00:28]} Ra8 {[%emt 0:01:17]} 28. Rc2 {[%emt 0:06:37]} axb5 {[%emt 0:01:11]} 29. axb5 {[%emt 0:00:06]} Qa3 {[%emt 0:01:01]} 30. Qxa3 {[%emt 0:02:27]} Rxa3 {[%emt 0:00:01]} 31. Bxe4 {[%emt 0:00:29]} fxe4 {[%emt 0:00:31]} 32. Rb2 {[%emt 0:02:53]} Rca8 {[%emt 0:01:42]} 33. Kf2 Ra2 34. Rdb1 1/2-1/2

[Event "9th Sharjah Cup Women 2018"]
[Site "Sharjah"]
[Date "2018.12.15"]
[Round "3"]
[White "Gu, Xiaobing"]
[Black "Berke, Ana"]
[Result "1-0"]
[WhiteElo "2295"]
[BlackElo "2151"]
[Annotator "NA"]
[PlyCount "102"]
[EventDate "2018.12.14"]
[EventType "swiss"]
[EventCountry "UAE"]
[SourceTitle "playchess.com"]
[Source "ChessBase"]
[SourceQuality "1"]
[TimeControl "5400+30"]

1. e4 {[%emt 0:00:00]} c5 {[%emt 0:00:00]} 2. Nf3 {[%emt 0:00:00]} e6 {[%emt 0:00:00]} 3. c3 {[%emt 0:04:16]} Nf6 {[%emt 0:00:30]} 4. e5 {[%emt 0:01:10]} Nd5 {[%emt 0:03:36]} 5. Bc4 {[%emt 0:00:26]} Nc6 {[%emt 0:01:17]} 6. O-O {[%emt 0:04:44]} d6 {[%emt 0:05:43]} 7. d4 {[%emt 0:02:08]} cxd4 {[%emt 0:00:09]} 8. cxd4 {[%emt 0:00:12]} Be7 {[%emt 0:00:39]} 9. Qe2 {[%emt 0:02:24]} O-O {[%emt 0:01:22]} 10. Rd1 {[%emt 0:00:19]} a6 {[%emt 0:05:55]} 11. a3 {[%emt 0:02:16]} b5 {[%emt 0:02:07]} 12. Bb3 {[%emt 0:01:09]} Bb7 {[%emt 0:13:38]} 13. Nbd2 {[%emt 0:04:16]} Qc7 {[%emt 0:04:35]} 14. Bxd5 {[%emt 0:09:56]} exd5 {[%emt 0:00:14]} 15. Nf1 {[%emt 0:00:46]} Rad8 {[%emt 0:07:55]} 16. Bf4 {[%emt 0:04:21]} Qd7 {[%emt 0:03:37]} 17. Rd3 {[%emt 0:09:36]} Qg4 {[%emt 0:18:44]} 18. Qd2 {[%emt 0:03:36]} a5 {[%emt 0:08:51]} 19. exd6 {[%emt 0:09:05]} Bxd6 {[%emt 0:00:18]} 20. Ne5 {[%emt 0:02:56]} Bxe5 {[%emt 0:06:02]} 21. dxe5 {[%emt 0:00:05]} Qe6 {[%emt 0:01:07]} 22. Re1 {[%emt 0:00:46]} Rfe8 {[%emt 0:02:38]} 23. Bg5 {[%emt 0:03:21]} f6 {[%emt 0:05:20]} 24. Bh4 {[%emt 0:00:05]} Rd7 {[%emt 0:02:52]} 25. f4 {[%emt 0:00:09]} fxe5 {[%emt 0:00:28]} 26. fxe5 {[%emt 0:00:21]} d4 {[%emt 0:01:15]} 27. Bg3 {[%emt 0:04:30]} Rf7 {[%emt 0:00:18]} 28. Qc2 {[%emt 0:00:40]} Qc4 {[%emt 0:01:31]} 29. Qd1 {[%emt 0:05:38]} Rfe7 {[%emt 0:00:37]} 30. b3 {[%emt 0:01:17]} Qc5 {[%emt 0:01:06]} 31. Qc1 {[%emt 0:01:28]} Qxc1 {[%emt 0:00:22]} 32. Rxc1 {[%emt 0:00:02]} b4 {[%emt 0:01:13]} 33. axb4 {[%emt 0:00:06]} axb4 {[%emt 0:00:09]} 34. Nd2 {[%emt 0:00:30]} Ba6 {[%emt 0:01:34]} 35. Nc4 {[%emt 0:00:19]} Bxc4 {[%emt 0:00:38]} 36. Rxc4 {[%emt 0:00:59]} Nxe5 {[%emt 0:00:06]} 37. Bxe5 {[%emt 0:00:04]} Rxe5 {[%emt 0:00:03]} 38. Rcxd4 {[%emt 0:02:43]} Rf8 {[%emt 0:00:30]} 39. h4 {[%emt 0:00:51]} Rb5 {[%emt 0:00:51]} 40. Re4 {[%emt 0:01:31]} Rb7 {[%emt 0:00:21]} 41. Rdd4 {[%emt 0:00:54]} Rfb8 {[%emt 0:00:06]} 42. Rf4 {[%emt 0:01:09]} g6 {[%emt 0:00:12]} 43. Kf2 {[%emt 0:02:21]} Kg7 {[%emt 0:00:50]} 44. Ke3 {[%emt 0:00:07]} Rc8 {[%emt 0:01:15]} 45. Rc4 {[%emt 0:00:06]} Rcb8 {[%emt 0:00:12]} 46. g4 {[%emt 0:00:18]} Re8+ {[%emt 0:01:29]} 47. Kd3 {[%emt 0:00:36]} Rd8+ {[%emt 0:00:16]} 48. Rcd4 {[%emt 0:00:25]} Rdb8 {[%emt 0:00:05]} 49. g5 {[%emt 0:02:09]} Kg8 {[%emt 0:00:40]} 50. Rd5 {[%emt 0:00:45]} Kg7 {[%emt 0:00:28]} 51. Rfd4 {[%emt 0:00:21]} Kf7 {[%emt 0:01:00]} 1-0

[Event "9th Sharjah Cup Women 2018"]
[Site "Sharjah"]
[Date "2018.12.15"]
[Round "3"]
[White "Nguyen, Thi Mai Hung"]
[Black "Ovezdurdiyeva, Jemal"]
[Result "1-0"]
[WhiteElo "2280"]
[BlackElo "2114"]
[Annotator "NA"]
[PlyCount "53"]
[EventDate "2018.12.14"]
[EventType "swiss"]
[EventCountry "UAE"]
[SourceTitle "playchess.com"]
[Source "ChessBase"]
[SourceQuality "1"]
[TimeControl "5400+30"]

1. d4 {[%emt 0:00:00]} Nf6 {[%emt 0:00:00]} 2. Bf4 {[%emt 0:00:00]} g6 {[%emt 0:00:00]} 3. e3 {[%emt 0:00:00]} Bg7 {[%emt 0:00:00]} 4. Nf3 {[%emt 0:00:02]} d6 {[%emt 0:00:12]} 5. c3 {[%emt 0:01:29]} O-O {[%emt 0:04:34]} 6. Nbd2 {[%emt 0:02:01]} c5 {[%emt 0:06:07]} 7. Be2 {[%emt 0:02:46]} cxd4 {[%emt 0:05:17]} 8. exd4 {[%emt 0:00:41]} Nc6 {[%emt 0:00:37]} 9. O-O {[%emt 0:00:47]} Re8 {[%emt 0:09:13]} 10. Nc4 {[%emt 0:10:26]} Nd5 {[%emt 0:05:21]} 11. Bg3 {[%emt 0:02:57]} e5 {[%emt 0:16:23]} 12. Re1 {[%emt 0:09:42]} b5 {[%emt 0:18:08]} 13. dxe5 {[%emt 0:04:17]} dxe5 {[%emt 0:00:13]} 14. Ncxe5 {[%emt 0:02:55]} Nxe5 {[%emt 0:11:48]} 15. Nxe5 {[%emt 0:07:10]} a6 {[%emt 0:03:01]} 16. Bf3 {[%emt 0:00:56]} Bb7 {[%emt 0:01:46]} 17. Qb3 {[%emt 0:03:18]} Rc8 {[%emt 0:05:41]} 18. Rad1 {[%emt 0:05:51]} Rc5 {[%emt 0:00:49]} 19. h3 {[%emt 0:09:31]} Ba8 {[%emt 0:05:20]} 20. Nd3 {[%emt 0:06:36]} Rc4 {[%emt 0:03:53]} 21. Ne5 {[%emt 0:05:31]} Rc5 {[%emt 0:00:27]} 22. a4 {[%emt 0:06:14]} Re6 {[%emt 0:01:39]} 23. Nd3 {[%emt 0:02:37]} bxa4 {[%emt 0:00:27]} 24. Qa2 {[%emt 0:03:35]} Rc8 {[%emt 0:00:21]} 25. Bg4 Rxe1+ {[%emt 0:00:23]} 26. Nxe1 {[%emt 0:03:19]} f5 {[%emt 0:00:49]} 27. Bf3 {[%emt 0:00:18]} 1-0

[Event "9th Sharjah Cup Women 2018"]
[Site "Sharjah"]
[Date "2018.12.15"]
[Round "3"]
[White "Enkhtuul, Altan-Ulzii"]
[Black "Asatryan, Sona"]
[Result "1-0"]
[WhiteElo "2267"]
[BlackElo "2089"]
[Annotator "NA"]
[PlyCount "61"]
[EventDate "2018.12.14"]
[EventType "swiss"]
[EventCountry "UAE"]
[SourceTitle "playchess.com"]
[Source "ChessBase"]
[SourceQuality "1"]
[TimeControl "5400+30"]

1. d4 {[%emt 0:00:00]} Nf6 {[%emt 0:00:00]} 2. Nf3 {[%emt 0:00:00]} d5 {[%emt 0:00:04]} 3. c4 {[%emt 0:00:16]} e6 {[%emt 0:00:12]} 4. g3 {[%emt 0:00:09]} Bb4+ {[%emt 0:00:16]} 5. Bd2 {[%emt 0:00:33]} Bd6 {[%emt 0:00:31]} 6. Bg2 {[%emt 0:00:16]} O-O {[%emt 0:01:05]} 7. O-O {[%emt 0:02:32]} Nbd7 {[%emt 0:03:45]} 8. c5 {[%emt 0:04:38]} Be7 {[%emt 0:00:14]} 9. Qc2 {[%emt 0:00:07]} c6 {[%emt 0:02:33]} 10. Nc3 {[%emt 0:04:17]} e5 {[%emt 0:09:07]} 11. dxe5 {[%emt 0:00:51]} Ng4 {[%emt 0:01:25]} 12. Bf4 {[%emt 0:04:37]} Nxc5 {[%emt 0:06:33]} 13. h3 {[%emt 0:05:07]} g5 {[%emt 0:03:15]} 14. Bxg5 {[%emt 0:02:26]} Bxg5 {[%emt 0:06:02]} 15. hxg4 {[%emt 0:01:29]} Bxg4 {[%emt 0:03:49]} 16. Nxd5 {[%emt 0:07:14]} Bxf3 {[%emt 0:04:55]} 17. exf3 {[%emt 0:06:41]} Qxd5 {[%emt 0:03:33]} 18. f4 {[%emt 0:00:07]} Qe6 {[%emt 0:01:25]} 19. Qxc5 {[%emt 0:00:52]} Be7 {[%emt 0:00:55]} 20. Qc2 {[%emt 0:00:28]} Rad8 {[%emt 0:08:53]} 21. Be4 {[%emt 0:02:29]} h5 {[%emt 0:03:35]} 22. Qe2 {[%emt 0:05:02]} Qh6 {[%emt 0:03:51]} 23. Kg2 {[%emt 0:00:42]} f5 {[%emt 0:05:44]} 24. exf6 {[%emt 0:01:25]} Bxf6 {[%emt 0:01:22]} 25. Rh1 {[%emt 0:00:27]} h4 {[%emt 0:01:56]} 26. Qg4+ {[%emt 0:02:04]} Kf7 {[%emt 0:01:48]} 27. Bc2 {[%emt 0:00:52]} Ke7 {[%emt 0:08:00]} 28. Rae1+ {[%emt 0:00:57]} Kd6 {[%emt 0:01:19]} 29. Re6+ {[%emt 0:00:34]} Kc7 {[%emt 0:01:43]} 30. Rxh4 {[%emt 0:00:35]} Qg7 {[%emt 0:01:32]} 31. Rh7 {[%emt 0:00:29] Kd6} 1-0

[Event "9th Sharjah Cup Women 2018"]
[Site "Sharjah"]
[Date "2018.12.15"]
[Round "3"]
[White "Drljevic, Ljilja"]
[Black "Kejzar, Petra"]
[Result "0-1"]
[WhiteElo "2208"]
[BlackElo "2062"]
[Annotator "NA"]
[PlyCount "80"]
[EventDate "2018.12.14"]
[EventType "swiss"]
[EventCountry "UAE"]
[SourceTitle "playchess.com"]
[Source "ChessBase"]
[SourceQuality "1"]
[TimeControl "5400+30"]

1. e4 {[%emt 0:00:00]} c5 {[%emt 0:00:00]} 2. Nf3 {[%emt 0:00:30]} Nc6 {[%emt 0:00:30]} 3. d3 {[%emt 0:02:57]} g6 {[%emt 0:00:19]} 4. g3 {[%emt 0:00:29]} Bg7 {[%emt 0:00:19]} 5. Bg2 {[%emt 0:00:02]} d6 {[%emt 0:01:08]} 6. O-O {[%emt 0:00:24]} e5 {[%emt 0:01:02]} 7. c3 {[%emt 0:01:07]} Nge7 {[%emt 0:00:34]} 8. a3 {[%emt 0:00:38]} O-O {[%emt 0:03:42]} 9. b4 {[%emt 0:00:43]} a6 {[%emt 0:01:13]} 10. Nbd2 {[%emt 0:03:29]} b6 {[%emt 0:03:51]} 11. Re1 {[%emt 0:03:35]} h6 {[%emt 0:03:52]} 12. Bb2 {[%emt 0:06:39]} Bg4 {[%emt 0:08:45]} 13. Nc4 {[%emt 0:04:11]} Rc8 {[%emt 0:11:53]} 14. Ne3 {[%emt 0:03:24]} Be6 {[%emt 0:01:17]} 15. Qd2 {[%emt 0:40:22]} d5 {[%emt 0:27:02]} 16. exd5 {[%emt 0:02:37]} Nxd5 {[%emt 0:00:15]} 17. Nc4 {[%emt 0:00:31]} Qc7 {[%emt 0:00:30]} 18. bxc5 {[%emt 0:00:38]} bxc5 {[%emt 0:00:34]} 19. Rac1 {[%emt 0:20:25]} Rb8 {[%emt 0:04:49]} 20. Ba1 {[%emt 0:00:37]} Nde7 {[%emt 0:03:34]} 21. Qe2 {[%emt 0:04:53]} Bxc4 {[%emt 0:02:33]} 22. dxc4 {[%emt 0:00:02]} Rb3 {[%emt 0:01:32]} 23. Nd2 {[%emt 0:00:27]} Rxa3 {[%emt 0:01:57]} 24. Ne4 {[%emt 0:00:05]} Qa5 {[%emt 0:05:15]} 25. Bb2 {[%emt 0:01:11]} Ra2 {[%emt 0:00:15]} 26. Rc2 {[%emt 0:00:39]} Rb8 {[%emt 0:02:19]} 27. Bc1 {[%emt 0:00:38]} Nd4 {[%emt 0:01:36]} 28. Rxa2 {[%emt 0:01:40]} Nxe2+ {[%emt 0:00:06]} 29. Rexe2 {[%emt 0:00:38]} Qc7 {[%emt 0:01:42]} 30. Be3 {[%emt 0:00:26]} Rb1+ {[%emt 0:00:28]} 31. Bf1 {[%emt 0:00:01]} f5 {[%emt 0:03:55]} 32. Nxc5 {[%emt 0:00:02]} f4 {[%emt 0:00:42]} 33. gxf4 {[%emt 0:01:13]} exf4 {[%emt 0:00:38]} 34. Ne6 {[%emt 0:01:06]} Qc6 {[%emt 0:00:21]} 35. Reb2 {[%emt 0:00:34]} Rxb2 {[%emt 0:01:17]} 36. Rxb2 {[%emt 0:00:03]} Qxe6 {[%emt 0:01:26]} 37. Bxf4 {[%emt 0:00:09]} Be5 {[%emt 0:01:24]} 38. Bxh6 {[%emt 0:01:15]} Qg4+ {[%emt 0:00:28]} 39. Bg2 {[%emt 0:00:39]} Nf5 {[%emt 0:00:24]} 40. f3 {[%emt 0:00:29]} Qh4 {[%emt 0:00:31]} 0-1